00286nam a2200121Ia 4500008004100000041000800041082001400049100001800063245001500081260003300096300003000129365000500159240624s9999 xx 000 0 und d aeng a303.4 TOF aTOFFLER ALVIN aTHIRD WAVE c1990aNew YorkbBantam Books axv, : 537 : p. : cm. ; 17 c